[Event "Prague Summer op"]
[Site "Prague"]
[Date "2024.08.03"]
[Round "2"]
[White "Kotal, Vaclav"]
[Black "Steiner, Juraj"]
[Result "1/2-1/2"]
[WhiteElo "2151"]
[BlackElo "1959"]
[PlyCount "83"]
[EventDate "2024.08.02"]
[EventType "swiss"]
[EventRounds "9"]
[EventCountry "CZE"]
[SourceTitle "CBM 221 Extra"]
[Source "ChessBase"]
[SourceDate "2024.09.30"]
[SourceVersion "1"]
[SourceVersionDate "2024.09.30"]
[SourceQuality "1"]

1. e4 c5 2. Nc3 Nc6 3. Bb5 Nd4 4. Nf3 Nxb5 5. Nxb5 d6 6. d4 Qa5+ 7. Nc3 Bg4 8. dxc5 Qxc5 9. Be3 Qc4 10. h3 Bh5 11. g4 Bg6 12. Nd2 Qc6 13. f4 f5 14. Rh2 e6 15. exf5 exf5 16. Qe2 0-0-0 17. 0-0-0 d5 18. Nb3 Nf6 19. Nb5 Qc4 20. Nxa7+ Kc7 21. Qxc4+ dxc4 22. Nd4 Re8 23. Ndb5+ Kb8 24. Bb6 fxg4 25. Nc7 Bc5 26. Bxc5 Kxc7 27. hxg4 Nxg4 28. Rhd2 Bf5 29. Rd6 Kb8 30. Nb5 Rc8 31. R1d5 g6 32. Rb6 Rc6 33. Bd6+ Ka8 34. Nc7+ Ka7 35. Rb4 b6 36. Nb5+ Kb7 37. Nd4 Ne3 38. Nxc6 Nxd5 39. Rxc4 Ne3 40. Rc3 Nd5 41. Rc4 Ne3 42. Rc3 1/2-1/2

[Event "Ricany op"]
[Site "Ricany"]
[Date "2024.06.29"]
[Round "1"]
[White "Zabehlicky, Jiri"]
[Black "Steiner, Juraj"]
[Result "0-1"]
[WhiteElo "1653"]
[BlackElo "1912"]
[PlyCount "54"]
[EventDate "2024.06.29"]
[EventType "swiss"]
[EventRounds "9"]
[EventCountry "CZE"]
[SourceTitle "CBM 221 Extra"]
[Source "ChessBase"]
[SourceDate "2024.09.30"]
[SourceVersion "1"]
[SourceVersionDate "2024.09.30"]
[SourceQuality "1"]

1. e4 c5 2. Nc3 Nc6 3. Nf3 g6 4. Bc4 Bg7 5. d3 d6 6. Be3 Nd4 7. Bxd4 cxd4 8. Ne2 Bg4 9. Ng3 e6 10. h3 Bxf3 11. Qxf3 Qa5+ 12. Ke2 Nf6 13. Rhd1 0-0 14. Kf1 Nd7 15. Bb3 Qe5 16. Kg1 Nc5 17. Rac1 Rac8 18. Qe2 Bh6 19. Rb1 Rc7 20. Nf1 a5 21. Nd2 Bxd2 22. Rxd2 b5 23. a3 Rfc8 24. Ba2 Kg7 25. b3 b4 26. a4 d5 27. exd5 Nd7 0-1

[Event "Ricany op"]
[Site "Ricany"]
[Date "2023.08.30"]
[Round "6"]
[White "Dudkova, Josefina"]
[Black "Steiner, Juraj"]
[Result "0-1"]
[WhiteElo "1587"]
[BlackElo "1772"]
[PlyCount "46"]
[EventDate "2023.08.26"]
[EventType "swiss"]
[EventRounds "9"]
[EventCountry "CZE"]
[SourceTitle "CBM 216 Extra"]
[Source "ChessBase"]
[SourceDate "2023.11.30"]
[SourceVersion "1"]
[SourceVersionDate "2023.11.30"]
[SourceQuality "1"]

1. d4 d5 2. Bf4 e6 3. e3 Bd6 4. Nf3 Nf6 5. Bd3 0-0 6. 0-0 c5 7. c3 Qc7 8. Bxd6 Qxd6 9. dxc5 Qxc5 10. Nbd2 Nc6 11. Qe2 e5 12. e4 Bg4 13. exd5 Qxd5 14. Ne4 Nh5 15. c4 Qd8 16. Rfd1 f5 17. Bc2 Nd4 18. Qe3 Nxc2 19. Rxd8 Nxe3 20. Rxa8 Rxa8 21. fxe3 Bxf3 22. gxf3 fxe4 23. fxe4 Rd8 0-1

[Event "Ricany op"]
[Site "Ricany"]
[Date "2023.08.27"]
[Round "3"]
[White "Steiner, Juraj"]
[Black "Simak, Ivo"]
[Result "1-0"]
[WhiteElo "1772"]
[BlackElo "1575"]
[PlyCount "45"]
[EventDate "2023.08.26"]
[EventType "swiss"]
[EventRounds "9"]
[EventCountry "CZE"]
[SourceTitle "CBM 216 Extra"]
[Source "ChessBase"]
[SourceDate "2023.11.30"]
[SourceVersion "1"]
[SourceVersionDate "2023.11.30"]
[SourceQuality "1"]

1. d4 b6 2. c4 e6 3. Nc3 c6 4. e4 d5 5. Nf3 h6 6. Ne5 Nf6 7. cxd5 exd5 8. Bd3 Bb4 9. 0-0 0-0 10. exd5 Bxc3 11. bxc3 cxd5 12. Qf3 Ba6 13. c4 dxc4 14. Qxa8 cxd3 15. Ba3 Re8 16. Qxa7 Qxd4 17. Qxf7+ Kh8 18. Bf8 Rxf8 19. Qxf8+ Kh7 20. Qxb8 d2 21. Nf3 Qb2 22. Rab1 Qc2 23. Qf4 1-0

[Event "Ricany op"]
[Site "Ricany"]
[Date "2023.08.26"]
[Round "1"]
[White "Steiner, Juraj"]
[Black "Horak, Martin"]
[Result "0-1"]
[WhiteElo "1772"]
[BlackElo "2302"]
[PlyCount "121"]
[EventDate "2023.08.26"]
[EventType "swiss"]
[EventRounds "9"]
[EventCountry "CZE"]
[SourceTitle "CBM 216 Extra"]
[Source "ChessBase"]
[SourceDate "2023.11.30"]
[SourceVersion "1"]
[SourceVersionDate "2023.11.30"]
[SourceQuality "1"]

1. d4 Nf6 2. c4 e6 3. Nc3 Bb4 4. a3 Bxc3+ 5. bxc3 b6 6. Bg5 h6 7. Bh4 Nc6 8. Nf3 Ba6 9. e4 g5 10. Nxg5 Nxe4 11. Nf3 Ng5 12. Bg3 Qe7 13. Bxc7 d6 14. c5 Qxc7 15. Bxa6 dxc5 16. 0-0 Rd8 17. Bb5 Kf8 18. h4 Ne4 19. Bxc6 Qxc6 20. Ne5 Qd5 21. Qf3 Rh7 22. c4 Qb7 23. Rfe1 Rxd4 24. Rad1 Nd6 25. Nc6 Rxd1 26. Rxd1 Qc7 27. Qd3 Nf5 28. Qe4 h5 29. Ne5 Nd4 30. Qxh7 Qxe5 31. Qh6+ Ke8 32. Qd2 Qe4 33. Re1 Qxh4 34. Qh6 Qg4 35. Re3 Qd1+ 36. Kh2 Ne2 37. Rxe2 Qxe2 38. Qh8+ Ke7 39. Qa8 Qxf2 40. Qxa7+ Kf6 41. Qxb6 Qh4+ 42. Kg1 Qe1+ 43. Kh2 Qe5+ 44. Kh1 Qa1+ 45. Kh2 Qxa3 46. Qd8+ Kf5 47. Qh4 Qe3 48. Qxh5+ Kf6 49. Qh8+ Ke7 50. Qh4+ Kd6 51. Qg4 Qd4 52. Qg8 f5 53. Qd8+ Ke5 54. Qb8+ Ke4 55. Qb1+ Qd3 56. Qb7+ Ke3 57. Qf3+ Kd4 58. Qf4+ Qe4 59. Qc1 Qe3 60. Qc2 f4 61. Qd1+ 0-1

[Event "CZE-ch Amateur"]
[Site "Hluk"]
[Date "2023.05.11"]
[Round "9"]
[White "Steiner, Juraj"]
[Black "Haba, Zdenek"]
[Result "1/2-1/2"]
[WhiteElo "1888"]
[BlackElo "2142"]
[PlyCount "187"]
[EventDate "2023.05.06"]
[EventType "swiss"]
[EventRounds "9"]
[EventCountry "CZE"]
[SourceTitle "CBM 214 Extra"]
[Source "ChessBase"]
[SourceDate "2023.07.31"]
[SourceVersion "1"]
[SourceVersionDate "2023.07.31"]
[SourceQuality "1"]

1. d4 Nf6 2. c4 c5 3. d5 b5 4. cxb5 a6 5. b6 d6 6. a4 Qxb6 7. Nc3 g6 8. e4 Bg7 9. Nf3 0-0 10. Nd2 Nbd7 11. Nc4 Qd8 12. a5 Ne8 13. Ra3 Nc7 14. Qa4 Nb5 15. Nxb5 axb5 16. Qxb5 Ba6 17. Qb3 Bxc4 18. Bxc4 Rxa5 19. 0-0 Rxa3 20. bxa3 Qa5 21. Qb5 Qa7 22. a4 Rb8 23. Qa6 Qxa6 24. Bxa6 Rb4 25. a5 c4 26. Be3 Nc5 27. Bxc5 dxc5 28. Rc1 c3 29. Bd3 Ra4 30. a6 Bd4 31. Kf1 c4 32. Bc2 Rxa6 33. Ke2 Ra2 34. f3 Bc5 35. Kd1 Kg7 36. Rb1 Kf6 37. f4 Ba3 38. e5+ Kg7 39. Rb7 Bb2 40. d6 exd6 41. exd6 Ra6 42. d7 Rd6+ 43. Ke1 Kf8 44. Ba4 Ke7 45. Rc7 c2 46. Bxc2 Rxd7 47. Rxd7+ Kxd7 48. f5 g5 49. h3 Kd6 50. Ke2 Ke5 51. Ke3 Bc1+ 52. Ke2 Kd4 53. Kd1 Bf4 54. Bb1 f6 55. Bc2 Ke3 56. Bb1 Bg3 57. Bc2 Bf2 58. Bb1 h6 59. Bc2 Bg3 60. Bb1 Kd4 61. Bc2 Bf4 62. Bb1 Ke3 63. Bc2 Kf2 64. Be4 Ke3 65. Bb1 h5 66. Bc2 Be5 67. Bb1 Bc3 68. Bc2 Bb4 69. Bb1 Kf4 70. Bc2 Kg3 71. Be4 Kf4 72. Bc2 Ke3 73. Bb1 Kf2 74. Be4 Ke3 75. Bc2 h4 76. Bb1 Kf4 77. Bc2 Kg3 78. Be4 Kf4 79. Bc2 g4 80. hxg4 Kxg4 81. Bb1 Kf4 82. Bc2 Ke3 83. Bb1 Kf2 84. Be4 Kg3 85. Bd5 Ba5 86. Ke2 Kf4 87. Bxc4 Kxf5 88. Bd5 Kg4 89. Ba8 Bb6 90. Bb7 Kg3 91. Ba8 f5 92. Bb7 h3 93. gxh3 Kxh3 94. Bc8 1/2-1/2

[Event "Prague Golden Rapid op 17th"]
[Site "Prague"]
[Date "2022.07.09"]
[Round "4"]
[White "Pribyl, Josef"]
[Black "Steiner, Juraj"]
[Result "1-0"]
[WhiteElo "2195"]
[BlackElo "1831"]
[PlyCount "50"]
[EventDate "2022.07.09"]
[EventType "swiss (rapid)"]
[EventRounds "7"]
[EventCountry "CZE"]
[SourceTitle "CBM 209 Extra"]
[Source "ChessBase"]
[SourceDate "2022.09.30"]
[SourceVersion "1"]
[SourceVersionDate "2022.09.30"]
[SourceQuality "1"]

1. c4 e5 2. Nc3 Nf6 3. Nf3 d6 4. d4 Nbd7 5. g3 Be7 6. Bg2 c6 7. 0-0 0-0 8. b3 Re8 9. Bb2 Bf8 10. e4 a6 11. Re1 b5 12. Qd2 Bb7 13. Rad1 Qb6 14. c5 dxc5 15. dxe5 Nxe5 16. Nxe5 Rxe5 17. Na4 Qc7 18. Nb6 Nxe4 19. Bxe5 Qxb6 20. Rxe4 a5 21. Rg4 Bc8 22. Rxg7+ Bxg7 23. Qg5 f6 24. Bxf6 Qc7 25. Rd8+ Qxd8 1-0

[Event "Prague Golden Rapid op 17th"]
[Site "Prague"]
[Date "2022.07.09"]
[Round "3"]
[White "Steiner, Juraj"]
[Black "Popelka, Pavel"]
[Result "1-0"]
[WhiteElo "1831"]
[BlackElo "1932"]
[PlyCount "73"]
[EventDate "2022.07.09"]
[EventType "swiss (rapid)"]
[EventRounds "7"]
[EventCountry "CZE"]
[SourceTitle "CBM 209 Extra"]
[Source "ChessBase"]
[SourceDate "2022.09.30"]
[SourceVersion "1"]
[SourceVersionDate "2022.09.30"]
[SourceQuality "1"]

1. d4 d5 2. c4 e6 3. Nc3 Nf6 4. cxd5 exd5 5. Bg5 c6 6. Qc2 h6 7. Bh4 Be7 8. e3 0-0 9. Bd3 Re8 10. Nge2 Nbd7 11. 0-0 Nf8 12. f3 Bd6 13. e4 Be7 14. e5 N6h7 15. Bg3 Bh4 16. f4 Bg4 17. f5 Bxe2 18. Nxe2 Bxg3 19. Nxg3 Ng5 20. Rf4 Rc8 21. Raf1 Qb6 22. h4 Ngh7 23. Nh5 c5 24. Rg4 g6 25. fxg6 fxg6 26. Bxg6 Kh8 27. Bxe8 Rxe8 28. Nf6 Nxf6 29. Rxf6 Qc7 30. Rxh6+ Nh7 31. Qg6 Rf8 32. Qd6 Qf7 33. e6 Qf2+ 34. Kh2 Rf6 35. Qb8+ Rf8 36. Qe5+ Rf6 37. e7 1-0

[Event "Ceske Budejovice op"]
[Site "Ceske Budejovice"]
[Date "2021.07.06"]
[Round "6"]
[White "Kopriva, Martin"]
[Black "Steiner, Juraj"]
[Result "1-0"]
[WhiteElo "2095"]
[BlackElo "1936"]
[PlyCount "100"]
[EventDate "2021.07.01"]
[EventType "swiss"]
[EventRounds "9"]
[EventCountry "CZE"]
[SourceTitle "CBM 203 Extra"]
[Source "ChessBase"]
[SourceDate "2021.09.30"]
[SourceVersion "1"]
[SourceVersionDate "2021.09.30"]
[SourceQuality "1"]

1. d4 Nf6 2. c4 e6 3. g3 d5 4. Nf3 c5 5. Bg2 cxd4 6. Nxd4 e5 7. Nc2 dxc4 8. Qxd8+ Kxd8 9. Nba3 c3 10. 0-0 Bc5 11. Nc4 Re8 12. b4 Bf8 13. Rd1+ Kc7 14. a4 Be6 15. Na5 Nc6 16. Ba3 Rad8 17. Rdc1 Nd5 18. Nxc6 bxc6 19. b5 c5 20. Ne3 Nxe3 21. fxe3 c4 22. Bc6 Bxa3 23. Rxa3 c2 24. Rxc2 Rd1+ 25. Kf2 Red8 26. e4 R8d4 27. a5 Rb1 28. Rac3 Ra1 29. a6 Kd6 30. Rc1 Rd1 31. Rxd1+ Rxd1 32. e3 Kc5 33. Rc2 Bc8 34. Bd5 Rxd5 35. exd5 Kxd5 36. b6 axb6 37. Ra2 c3 38. a7 Bb7 39. a8Q Bxa8 40. Rxa8 Kc4 41. Ke2 b5 42. Kd1 b4 43. Rc8+ Kd3 44. Rb8 Kxe3 45. Rxb4 f5 46. Rb5 Ke4 47. Kc2 f4 48. Kxc3 f3 49. Kd2 g5 50. Rb4+ Kd5 1-0

[Event "Hersonissos Online op"]
[Site "Chess.com INT"]
[Date "2020.06.09"]
[Round "5"]
[White "Steiner, Juraj"]
[Black "Lu, Maximillian"]
[Result "1-0"]
[WhiteElo "2007"]
[BlackElo "2386"]
[PlyCount "29"]
[EventDate "2020.06.05"]
[EventType "swiss"]
[EventRounds "9"]
[EventCountry "GRE"]
[SourceTitle "EXT 2021"]
[Source "ChessBase"]
[SourceDate "2020.10.23"]
[SourceVersion "1"]
[SourceVersionDate "2020.10.23"]
[SourceQuality "1"]

1. d4 b6 2. c4 Bb7 3. Nc3 e6 4. e4 Bb4 5. Bd3 f5 6. f3 fxe4 7. fxe4 Nf6 8. Bg5 h6 9. Bh4 g5 10. Bg3 Bxe4 11. Bxe4 Nxe4 12. Qh5+ Ke7 13. Nge2 Nc6 14. 0-0 Nf6 15. Rxf6 1-0

[Event "Hersonissos Online op"]
[Site "Chess.com INT"]
[Date "2020.06.06"]
[Round "2"]
[White "Dudin, Gleb"]
[Black "Steiner, Juraj"]
[Result "1-0"]
[WhiteElo "2387"]
[BlackElo "2007"]
[PlyCount "69"]
[EventDate "2020.06.05"]
[EventType "swiss"]
[EventRounds "9"]
[EventCountry "GRE"]
[SourceTitle "CBM 196 Extra"]
[Source "ChessBase"]
[SourceDate "2020.07.31"]
[SourceVersion "1"]
[SourceVersionDate "2020.07.31"]
[SourceQuality "1"]

1. d4 Nf6 2. c4 e6 3. Nc3 Bb4 4. e3 0-0 5. Nge2 d5 6. a3 Bd6 7. c5 Be7 8. Nf4 b6 9. b4 a5 10. Bd2 axb4 11. axb4 Rxa1 12. Qxa1 Nc6 13. Nd3 bxc5 14. bxc5 Ne4 15. f4 Nxd2 16. Kxd2 f6 17. Qa8 Qd7 18. g3 e5 19. Bg2 exd4 20. Bxd5+ Kh8 21. Qxc6 dxc3+ 22. Kxc3 Qxc6 23. Bxc6 Ba6 24. Nb4 Be2 25. Re1 Bg4 26. Kc4 Rb8 27. Bd5 Bd7 28. e4 g6 29. Ra1 c6 30. Nxc6 Bxc6 31. Bxc6 Rb2 32. Kd5 Kg7 33. Ra7 Kf7 34. Be8+ Kxe8 35. Ke6 1-0

[Event "Prague op"]
[Site "Prague"]
[Date "2020.02.14"]
[Round "1"]
[White "Bakhmatsky, Vladislav"]
[Black "Steiner, Juraj"]
[Result "1-0"]
[WhiteElo "2447"]
[BlackElo "2044"]
[PlyCount "91"]
[EventDate "2020.02.14"]
[EventType "swiss"]
[EventRounds "9"]
[EventCountry "CZE"]
[SourceTitle "CBM 195 Extra"]
[Source "ChessBase"]
[SourceDate "2020.05.31"]
[SourceVersion "1"]
[SourceVersionDate "2020.05.31"]
[SourceQuality "1"]

1. e4 c5 2. Nf3 g6 3. d4 cxd4 4. Nxd4 Nc6 5. c4 Nf6 6. Nc3 d6 7. Be2 Nxd4 8. Qxd4 Bg7 9. Be3 0-0 10. Qd2 Be6 11. 0-0 Qa5 12. Rab1 Rfc8 13. b3 Ng4 14. Nd5 Qxd2 15. Bxd2 Kf8 16. Bg5 Nf6 17. Nxf6 Bxf6 18. Bxf6 exf6 19. Rbd1 Ke7 20. f4 g5 21. g3 Rg8 22. Rd4 a5 23. f5 Bd7 24. Rfd1 Bc6 25. Rxd6 Rgd8 26. e5 fxe5 27. f6+ Ke8 28. Bh5 Rxd6 29. Rxd6 Be4 30. Re6+ Kf8 31. Rxe5 Re8 32. Rxa5 Re6 33. Ra8+ Re8 34. Rxe8+ Kxe8 35. a3 b6 36. Kf2 Bc2 37. b4 Bb3 38. c5 bxc5 39. bxc5 Kd7 40. Ke3 Ke6 41. Kd4 Kxf6 42. c6 Be6 43. Be2 Ke7 44. Kc5 Bc8 45. a4 f5 46. a5 1-0